Quiz mathématique rapide - juste un petit - quiz 22 - Statistiques

Statistiques générales
  • Ce quiz a été pris 20 fois
  • Le résultat moyen est 13 sur 15
Statistiques - réponses
Hint Réponse % Correct
7 49
100%
17 119
94%
11 77
94%
25 175
88%
26 182
88%
34 238
88%
37 259
88%
41 287
88%
49 343
88%
54 378
88%
73 511
82%
39 273
71%
63 441
71%
67 469
71%
69 483
71%
Aucun quiz correspondant
Distribution des résultats
% des personnes avec chaque résultat
Percentile par nombre de réponses
Votre historique - résultats
Vous n’avez pas pris ce quiz